000 00607nam a2200181Ia 4500
008 090124s9999 xx 000 0 und d
082 _b32466
100 _aवाळिंबे वि. स.
245 _a जयहिंद आजाद हिंद
250 _a1
260 _bमेहता पब्लिशिंग हाऊस
_c1994
300 _a208
600 _aवाळिंबे वि. स.
630 _a जयहिंद आजाद हिंद
700 _aवाळिंबे वि. स.
730 _a जयहिंद आजाद हिंद
942 _cBOOK
999 _c98085
_d98085